Statistics for The World's Newest Countries

Click here to take the quiz!

General Stats

  • This quiz has been taken 268 times
  • The average score is 22 of 37

Answer Stats

Date Area Answer % Correct
7-9-2011AfricaSouth Sudan
93%
2-17-2008EuropeKosovo
86%
6-5-2006EuropeSerbia
85%
6-3-2006EuropeMontenegro
82%
2-29-1992EuropeBosnia and Herzegovina
81%
8-24-1991EuropeUkraine
79%
8-20-1991EuropeEstonia
78%
5-4-1990EuropeLatvia
78%
6-25-1991EuropeSlovenia
76%
1-1-1993EuropeSlovakia
76%
3-11-1990EuropeLithuania
76%
6-25-1991EuropeCroatia
75%
1-1-1993EuropeCzech Republic
73%
9-8-1991EuropeMacedonia
73%
8-25-1991EuropeBelarus
73%
4-9-1991AsiaGeorgia
68%
10-27-1991AsiaTurkmenistan
68%
12-16-1991AsiaKazakhstan
67%
9-9-1991AsiaTajikistan
66%
9-1-1991AsiaUzbekistan
66%
9-21-1991AsiaArmenia
65%
8-27-1991EuropeMoldova
64%
10-1-1994OceaniaPalau
62%
5-20-2002OceaniaTimor-Leste
60%
8-24-1991AsiaRussia
54%
9-17-1991OceaniaMicronesia
51%
7-30-1980OceaniaVanuatu
51%
10-3-1990EuropeGermany
50%
9-17-1991OceaniaMarshall Islands
48%
5-25-1993AfricaEritrea
47%
11-1-1981CaribbeanAntigua and Barbuda
33%
8-31-1991AsiaKyrgyzstan
27%
3-21-1990AfricaNamibia
26%
1-1-1984AsiaBrunei
21%
9-21-1981North AmericaBelize
21%
5-22-1990AsiaYemen
21%
4-18-1980AfricaZimbabwe
20%

Score Distribution

Percentile by Number Answered

Percent of People with Each Score

Your Score History

You have not taken this quiz